| 000 | 00839nam a2200217 i 4500 | ||
|---|---|---|---|
| 001 | 188060 | ||
| 003 | SpMaBN | ||
| 005 | 20230906223111.0 | ||
| 008 | 180420s1969 sp |||| | spa d | ||
| 080 | _a94(460.23)"1640/52" | ||
| 100 | 1 |
_aMelo, Francisco Manuel de ( _d1608-1666) _980014 |
|
| 245 | 1 | 0 |
_aGuerra de Cataluña / _cFrancisco Manuel de Melo. |
| 246 | 3 | 5 |
_iTít. de port. facsímil _aHistoria de los movimientos y separación de Cataluña |
| 260 |
_aBarcelona : _bSeix Barral, _c1969. |
||
| 300 |
_a244 p. ; _c19 cm. |
||
| 490 | 1 |
_aBiblioteca breve de bolsillo ; _v35 |
|
| 651 | 7 |
_aCataluña- _xHistoria- _y1640-1652, Revolución. _9154097 |
|
| 830 | 0 |
_aBiblioteca breve de bolsillo ; _v35 _9184566 |
|
| 852 |
_aES-MaACL _jL-31940 _z. - Donat. herederos de la bibl. de Mª del Pilar Costa Palacín |
||
| 999 |
_c188060 _d188060 |
||